000
00322nam a22001337a 4500
008
181024b xxu||||| |||| 00| 0 eng d
020
_a
9780137048380
041
_a
eng
080
_2
4 ED
_a
370
100
_a
48
101
_a
EDU
245
_a
Strategies Readings Assement Instructions
_c
Cooter.B.R
942
_2
udc
_c
BK
999
_c
50865
_d
50865